00821nam a2200205 a 4500001001000000003000900010005001700019008004100036040002500077082002300102100001800125245019900143250001200342260005100354300003900405500006800444504003300512650004800545700002200593000041209DO-SdBNP20251021133638.0130925s1998 dr ad r 000 0 spa d aDO-SdBNPbspacBNPHU a352.4bT683f, 19981 aToribio, Juan10aFinanzas públicas y gestión fiscal :bel nuevo rol del estado en el marco de la globalización económica, pautas para la dirección central y municipal /cJuan Toribio, Teofilo A. Reyes. a2ª ed. aSanto Domingo :bTriunfo Fast Printing,c1998. a257 p. :bil., gráfcs. ;c25 cm. aIncluye datos biografícos de los autores en la contraportada. aBibliografía : p. 243-246. 7aFinanzas públicaszRepública Dominicana1 aReyes, Teofilo A.